[Event "Unterfränkischen EM 2014"]
[Site "Wörth am Main"]
[Date "2014.04.25"]
[Round "9.1"]
[White "Amtmann, Florian"]
[Black "Savina, Anastasia"]
[Result "0-1"]
[WhiteElo "2158"]
[BlackElo "2389"]
[PlyCount "86"]
[EventDate "2014.??.??"]

1. d4 Nf6 2. c4 g6 3. Nc3 Bg7 4. e4 d6 5. Nf3 O-O 6. Be2 e5 7. O-O Na6 8. Re1
c6 9. Bf1 Bg4 10. d5 Nb4 11. Be2 a5 12. Bg5 h6 13. Be3 Na6 14. h3 Bd7 15. Nd2
Ne8 16. g4 h5 17. gxh5 Bxh3 18. hxg6 Qh4 19. gxf7+ Rxf7 20. Nf1 Bh6 21. Bf3
Rg7+ 22. Ng3 Bf4 23. Nce2 Bxe3 24. fxe3 Nf6 25. Rf1 Rxg3+ 26. Nxg3 Qxg3+ 27.
Kh1 Bxf1 28. Qxf1 Kg7 29. Qg2 Qxg2+ 30. Kxg2 cxd5 31. exd5 e4 32. Bd1 Nc5 33.
Rb1 Kf7 34. a3 Rg8+ 35. Kf2 Nd3+ 36. Kf1 Ng4 37. Bxg4 Rxg4 38. b4 axb4 39. axb4
Kf6 40. c5 dxc5 41. bxc5 Nxc5 42. Rb5 Nd3 43. Rxb7 Ke5 0-1

[Event "Unterfränkische"]
[Site "?"]
[Date "2014.04.26"]
[Round "9.2"]
[White "Kuhn, Norbert"]
[Black "Kunz, Konstantin"]
[Result "1-0"]
[WhiteElo "2161"]
[BlackElo "2198"]
[PlyCount "81"]
[EventDate "2014.??.??"]

1. e4 {[%clk 1:56:48]} 1... c5 {[%clk 1:57:12]} 2. Nf3 {[%clk 1:55:06]} 2... a6
{[%clk 1:53:32]} 3. c4 {[%clk 1:52:29]} 3... e6 {[%clk 1:52:57]} 4. Nc3 {
[%clk 1:52:18]} 4... d6 {[%clk 1:50:58]} 5. Be2 {[%clk 1:51:02]} 5... Nf6 {
[%clk 1:50:33]} 6. O-O {[%clk 1:50:41]} 6... Be7 {[%clk 1:50:25]} 7. b3 {
[%clk 1:50:06]} 7... b6 {[%clk 1:50:00]} 8. d4 {[%clk 1:48:34]} 8... cxd4 {
[%clk 1:47:57]} 9. Nxd4 {[%clk 1:48:13]} 9... Bb7 {[%clk 1:47:41]} 10. f3 {
[%clk 1:46:01]} 10... O-O {[%clk 1:47:30]} 11. Be3 {[%clk 1:45:17]} 11... Nbd7
{[%clk 1:47:25]} 12. Qd2 {[%clk 1:44:50]} 12... Qc7 {[%clk 1:47:19]} 13. Rac1 {
[%clk 1:44:04]} 13... Rac8 {[%clk 1:47:16]} 14. Bd3 {[%clk 1:41:54]} 14... Rfe8
{[%clk 1:46:49]} 15. Kh1 {[%clk 1:41:22]} 15... Qb8 {[%clk 1:46:37]} 16. Qf2 {
[%clk 1:39:14]} 16... Bd8 {[%clk 1:43:22]} 17. Rfe1 {[%clk 1:35:10]} 17... Bc7
{[%clk 1:43:05]} 18. Qh4 {[%clk 1:31:47]} 18... Ne5 {[%clk 1:41:58]} 19. Bb1 {
[%clk 1:31:25]} 19... Ng6 {[%clk 1:41:48]} 20. Qh3 {[%clk 1:30:52]} 20... Qa8 {
[%clk 1:37:37]} 21. Bd2 {[%clk 1:17:18]} 21... Qb8 {[%clk 1:27:44]} 22. Red1 {
[%clk 1:11:05]} 22... Qa8 {[%clk 1:22:44]} 23. Bg5 {[%clk 1:09:43]} 23... Nd7 {
[%clk 1:20:53]} 24. Nde2 {[%clk 1:06:46]} 24... Ndf8 {[%clk 1:18:47]} 25. Ng3 {
[%clk 1:03:34]} 25... Bc6 {[%clk 1:15:45]} 26. Nh5 {[%clk 0:57:29]} 26... Bd8 {
[%clk 1:14:02]} 27. Be3 {[%clk 0:51:20]} 27... Qb8 {[%clk 1:12:28]} 28. Bd4 {
[%clk 0:48:32]} 28... e5 {[%clk 1:09:55]} 29. Be3 {[%clk 0:46:51]} 29... Bd7 {
[%clk 1:09:37]} 30. g4 {[%clk 0:46:30]} 30... b5 {[%clk 0:46:03]} 31. cxb5 {
[%clk 0:43:02]} 31... axb5 {[%clk 0:45:53]} 32. Nd5 {[%clk 0:38:21]} 32... Rxc1
{[%clk 0:42:38]} 33. Rxc1 {[%clk 0:37:14]} 33... Ne6 {[%clk 0:39:06]} 34. Qf1 {
[%clk 0:34:47]} 34... Nc7 {[%clk 0:32:13]} 35. Rxc7 {[%clk 0:05:49]} 35... Bxc7
{[%clk 0:31:51]} 36. Bh6 {[%clk 0:05:42]} 36... gxh6 {[%clk 0:20:24]} 37. Qc1 {
[%clk 0:05:35]} 37... Nf4 {[%clk 0:20:12]} 38. Nhf6+ {[%clk 0:01:44]} 38... Kh8
{[%clk 0:08:37]} 39. Nxf4 {[%clk 0:01:28]} 39... Rd8 {[%clk 0:07:02]} (39...
exf4 $1 40. Nxd7 Qd8 41. Qc3+ Re5 42. Nxe5 dxe5 43. Bd3 $16) 40. N4d5 {
[%clk 0:00:52]} 40... Qa7 {[%clk 0:00:52]} 41. Qxh6 {[%clk 0:00:13]} 1-0

[Event "Unterfränkische"]
[Site "?"]
[Date "2014.04.26"]
[Round "9.3"]
[White "Basel, Matthias"]
[Black "Englert, Fabian"]
[Result "0-1"]
[WhiteElo "2110"]
[BlackElo "2310"]
[PlyCount "70"]
[EventDate "2014.??.??"]

1. d4 {[%clk 1:59:57]} 1... d5 {[%clk 1:59:53]} 2. Nf3 {[%clk 1:59:51]} 2... c6
{[%clk 1:59:38]} 3. c4 {[%clk 1:59:42]} 3... dxc4 {[%clk 1:59:24]} 4. a4 {
[%clk 1:58:06]} 4... e6 {[%clk 1:59:03]} 5. e3 {[%clk 1:56:44]} 5... b5 {
[%clk 1:58:38]} 6. b3 {[%clk 1:52:10]} 6... Bb4+ {[%clk 1:57:55]} 7. Bd2 {
[%clk 1:51:49]} 7... Bxd2+ {[%clk 1:57:40]} 8. Qxd2 {[%clk 1:51:05]} 8... a5 {
[%clk 1:56:56]} 9. bxc4 {[%clk 1:49:41]} 9... b4 {[%clk 1:56:42]} 10. Qc2 {
[%clk 1:47:47]} 10... Nf6 {[%clk 1:52:18]} 11. Nbd2 {[%clk 1:45:33]} 11... c5 {
[%clk 1:45:18]} 12. Bd3 {[%clk 1:33:23]} 12... Bb7 {[%clk 1:30:57]} 13. O-O {
[%clk 1:29:43]} 13... Nbd7 {[%clk 1:30:16]} 14. Nb3 {[%clk 1:21:45]} 14... Qc7
{[%clk 1:23:12]} 15. Rfd1 {[%clk 1:20:35]} 15... O-O {[%clk 1:22:34]} 16. Rd2 {
[%clk 0:57:43]} 16... h6 {[%clk 1:18:53]} 17. h3 {[%clk 0:47:32]} 17... Rfc8 {
[%clk 1:14:43]} 18. Nh2 {[%clk 0:44:46]} 18... cxd4 {[%clk 1:12:06]} 19. exd4 {
[%clk 0:43:40]} 19... e5 {[%clk 1:11:10]} 20. d5 {[%clk 0:40:50]} 20... e4 {
[%clk 0:48:47]} 21. Bf1 {[%clk 0:39:53]} 21... Bxd5 {[%clk 0:47:04]} 22. Rc1 {
[%clk 0:29:54]} 22... Bc6 {[%clk 0:41:23]} 23. Nd4 {[%clk 0:26:57]} 23... Nb6 {
[%clk 0:39:01]} 24. Nb5 {[%clk 0:18:39]} 24... Bxb5 {[%clk 0:38:09]} 25. axb5 {
[%clk 0:18:19]} 25... Qc5 {[%clk 0:37:54]} 26. Ng4 {[%clk 0:16:29]} 26... Nxg4
{[%clk 0:37:28]} 27. hxg4 {[%clk 0:16:25]} 27... e3 {[%clk 0:31:52]} 28. fxe3 {
[%clk 0:07:44]} 28... a4 {[%clk 0:31:36]} 29. Ra1 {[%clk 0:05:25]} 29... b3 {
[%clk 0:21:37]} 30. Qe4 {[%clk 0:03:05]} 30... a3 {[%clk 0:17:40]} 31. Bd3 {
[%clk 0:02:33]} 31... g6 {[%clk 0:17:39]} 32. Rf2 {[%clk 0:01:54]} 32... Nxc4 {
[%clk 0:15:20]} 33. Rxf7 {[%clk 0:01:46]} 33... Qxe3+ {[%clk 0:14:56]} 34. Qxe3
{[%clk 0:01:44]} 34... Nxe3 {[%clk 0:14:48]} 35. Bxg6 {[%clk 0:01:10]} 35... b2
{[%clk 0:14:14]} 0-1

[Event "Unterfränkische"]
[Site "?"]
[Date "2014.04.26"]
[Round "9.4"]
[White "Kuhn, Tobias"]
[Black "Frey, Michael"]
[Result "1-0"]
[WhiteElo "2225"]
[BlackElo "2083"]
[PlyCount "39"]
[EventDate "2014.??.??"]

1. Nf3 {[%clk 1:59:57]} 1... d5 {[%clk 1:59:22]} 2. g3 {[%clk 1:59:51]} 2...
Nc6 {[%clk 1:59:11]} 3. d4 {[%clk 1:55:08]} 3... Bg4 {[%clk 1:57:33]} 4. h3 {
[%clk 1:53:51]} 4... Bxf3 {[%clk 1:57:23]} 5. exf3 {[%clk 1:53:46]} 5... e5 {
[%clk 1:57:15]} 6. dxe5 {[%clk 1:53:05]} 6... Nxe5 {[%clk 1:57:02]} 7. f4 {
[%clk 1:52:53]} 7... Nc6 {[%clk 1:55:41]} 8. Bd3 {[%clk 1:40:27]} 8... Nf6 {
[%clk 1:50:09]} 9. O-O {[%clk 1:39:09]} 9... Qd7 {[%clk 1:49:46]} 10. Re1+ {
[%clk 1:36:06]} 10... Ne7 {[%clk 1:49:31]} 11. Kg2 {[%clk 1:34:37]} 11... O-O-O
{[%clk 1:48:31]} 12. Nd2 {[%clk 1:23:16]} 12... Ne8 {[%clk 1:37:41]} 13. Nf3 {
[%clk 1:19:41]} 13... f6 {[%clk 1:36:52]} 14. Nd4 {[%clk 1:17:46]} 14... Nd6 {
[%clk 1:36:35]} 15. b4 {[%clk 1:13:52]} 15... Ne4 {[%clk 1:32:10]} 16. f3 {
[%clk 1:12:30]} 16... Nc6 {[%clk 1:29:01]} 17. Bb5 {[%clk 1:04:12]} 17... Nc3 {
[%clk 1:26:40]} 18. Bxc6 {[%clk 1:03:58]} 18... bxc6 {[%clk 1:26:30]} 19. Qd3 {
[%clk 1:02:56]} 19... Bxb4 {[%clk 1:25:10]} 20. Qa6+ {[%clk 1:02:44]} 1-0

[Event "Unterfränkischen EM 2014"]
[Site "Wörth am Main"]
[Date "2014.04.25"]
[Round "9.7"]
[White "Kwossek, Georg"]
[Black "Pfarr, Michael"]
[Result "1/2-1/2"]
[WhiteElo "2015"]
[BlackElo "2074"]
[PlyCount "54"]
[EventDate "2014.??.??"]

1. d4 Nf6 2. Nf3 g6 3. c4 Bg7 4. Nc3 O-O 5. e4 d6 6. Be2 Nc6 7. d5 Ne5 8. Nxe5
dxe5 9. Be3 a6 10. g4 Ne8 11. Qd2 e6 12. O-O-O exd5 13. cxd5 Nd6 14. h4 f6 15.
f3 Kf7 16. Kb1 Bd7 17. Bd3 b5 18. Ne2 Qe7 19. Qc2 Rac8 20. Qb3 Ra8 21. Ng3 Rfc8
22. g5 c5 23. dxc6+ Be6 24. Qc2 Nc4 25. Bxc4 bxc4 26. Nf5 Bxf5 27. exf5 Rxc6 {=
} 1/2-1/2

[Event "Unterfränkischen EM 2014"]
[Site "Wörth am Main"]
[Date "2014.04.25"]
[Round "9.8"]
[White "Scholz, Stefan"]
[Black "Ersoez, Can"]
[Result "1-0"]
[WhiteElo "2046"]
[BlackElo "2034"]
[PlyCount "101"]
[EventDate "2014.??.??"]

1. d4 c5 2. d5 d6 3. c4 e5 4. Nc3 Be7 5. Nf3 Bg4 6. Nd2 f5 7. Qc2 Nh6 8. e3 O-O
9. Be2 e4 10. f4 exf3 11. Nxf3 Bxf3 12. Bxf3 Nd7 13. O-O Ne5 14. Ne2 g5 15. Bh5
Qd7 16. Bd2 Nhg4 17. Ng3 Nf6 18. Be2 Ne4 19. Nxe4 fxe4 20. Qxe4 Bf6 21. Bh5 Qg7
22. Bc3 Qh6 23. g4 Rab8 24. Rf5 b5 25. cxb5 Rxb5 26. Raf1 Rbb8 27. Qa4 Qg7 28.
Kh1 Qe7 29. Qe4 Kg7 30. R1f2 Rbc8 31. Kg1 Rb8 32. Rf1 Ra8 33. Qg2 Rab8 34. R1f2
Rbc8 35. Qf1 Rb8 36. Qb1 Rbc8 37. Qf1 Rb8 38. Qa6 Rb6 39. Qa4 Rbb8 40. Kg2 Rbc8
41. a3 Ra8 42. Qe4 a5 43. a4 Kg8 44. Qb1 Kg7 45. Qf1 h6 46. Qb1 Kh8 47. Qe4 Qg7
48. Kg1 Qe7 49. Qb1 Kg8 50. Bxe5 Bxe5 51. Rf7 1-0

[Event "Unterfränkischen EM 2014"]
[Site "Wörth am Main"]
[Date "2014.04.25"]
[Round "9.5"]
[White "Wurm, Alexander"]
[Black "Flach, Manuel"]
[Result "1/2-1/2"]
[WhiteElo "2094"]
[BlackElo "1908"]
[PlyCount "124"]
[EventDate "2014.??.??"]

1. d4 Nf6 2. Nc3 d5 3. Bg5 Bf5 4. f3 Bg6 5. Nh3 e6 6. Nf4 c5 7. Nxg6 hxg6 8.
dxc5 Bxc5 9. e4 Qb6 10. Qd2 dxe4 11. fxe4 Ng4 12. O-O-O Be3 13. Bxe3 Qxe3 14.
Nb5 Na6 15. Nd6+ Ke7 16. Be2 Rhd8 17. Bxg4 Qxd2+ 18. Rxd2 Rxd6 19. Rxd6 Kxd6
20. Rd1+ Ke7 21. Bf3 Rh8 22. h3 b6 23. Rd4 Nc5 24. b4 Nd7 25. Kd2 Ne5 26. Be2
Rc8 27. a3 Nc6 28. Rc4 Rd8+ 29. Ke3 Kd6 30. c3 e5 31. Bd1 Ne7 32. Bb3 f5 33.
exf5 gxf5 34. Rh4 Nd5+ 35. Kd2 b5 36. c4 bxc4 37. Bxc4 Kc6 38. g3 Nxb4+ 39. Kc3
Nd5+ 40. Bxd5+ Kxd5 41. Rh7 Rc8+ 42. Kd2 Rc7 43. h4 e4 44. Rh8 Rd7 45. Ke2 Kc4
46. Rf8 g6 47. Rf6 Rg7 48. Ke3 a5 49. h5 gxh5 50. Rxf5 Rxg3+ 51. Kxe4 Rxa3 52.
Rxh5 a4 53. Rh8 Rb3 54. Rc8+ Kb4 55. Kd4 Ka3 56. Ra8 Rb7 57. Kc3 Rc7+ 58. Kd2
Rc4 59. Kd3 Rc5 60. Kd2 Kb4 61. Rb8+ Rb5 62. Rxb5+ Kxb5 1/2-1/2

[Event "Unterfränkischen EM 2014"]
[Site "Wörth am Main"]
[Date "2014.04.25"]
[Round "9.1"]
[White "Schneider, Jana"]
[Black "Müller, Lutz"]
[Result "1/2-1/2"]
[WhiteElo "1766"]
[BlackElo "2102"]
[PlyCount "51"]
[EventDate "2014.??.??"]

1. e4 c5 2. Nc3 Nc6 3. f4 g6 4. Nf3 Bg7 5. Bc4 e6 6. O-O Nge7 7. Qe1 Nd4 8.
Nxd4 cxd4 9. Ne2 O-O 10. Bb3 d6 11. d3 Bd7 12. Ng3 Nc6 13. a3 a5 14. Qf2 a4 15.
Ba2 Qh4 16. Ne2 Qxf2+ 17. Rxf2 b5 18. Bd2 Rab8 19. b4 Rbc8 20. g4 Nb8 21. Rc1
Nc6 22. f5 Be5 23. Bh6 Bg7 24. Bd2 Be5 25. Bh6 Bg7 26. Bd2 {=} 1/2-1/2

[Event "Unterfränkischen EM 2014"]
[Site "Wörth am Main"]
[Date "2014.04.25"]
[Round "9.2"]
[White "Hofstetter, Hans-Joachim"]
[Black "Chen, Jiaoji"]
[Result "1-0"]
[WhiteElo "2179"]
[BlackElo "1607"]
[PlyCount "49"]
[EventDate "2014.??.??"]

1. e4 e5 2. a3 Nf6 3. Nc3 Bc5 4. Nf3 d6 5. Bc4 O-O 6. d3 a6 7. O-O b5 8. Ba2
Bb7 9. b4 Ba7 10. Bg5 Nbd7 11. Qd2 h6 12. Bh4 Qb8 13. Kh1 c6 14. g4 d5 15. g5
Nh5 16. gxh6 g6 17. Qg5 Qd6 18. Rae1 Bb6 19. Rg1 Nf4 20. d4 Nh3 21. Qg3 Nxg1
22. dxe5 Nxf3 23. exd6 Nxe1 24. e5 d4 25. Qxg6+ 1-0

[Event "Unterfränkischen EM 2014"]
[Site "Wörth am Main"]
[Date "2014.04.25"]
[Round "9.4"]
[White "Böhl, Marius"]
[Black "Markert, Markus"]
[Result "0-1"]
[WhiteElo "1743"]
[BlackElo "2019"]
[PlyCount "49"]
[EventDate "2014.??.??"]

1. d4 e6 2. Nf3 d5 3. c4 c6 4. e3 Nf6 5. Nc3 Bb4 6. Qc2 Nbd7 7. Bd3 dxc4 8.
Bxc4 Qc7 9. a3 Bd6 10. O-O e5 11. h3 h6 12. Bd2 g5 13. Rfd1 g4 14. hxg4 Nxg4
15. Ne4 Be7 16. Qb3 Rh7 17. Ng3 h5 18. Bd3 h4 19. Bxh7 hxg3 20. Bg8 gxf2+ 21.
Kf1 Nh6 22. Bh7 Nf6 23. Qc2 exd4 24. exd4 Nhg4 25. Bb4 0-1

[Event "Unterfränkischen EM 2014"]
[Site "Wörth am Main"]
[Date "2014.04.25"]
[Round "9.5"]
[White "Scholz, Michael"]
[Black "Simon, Jonathan"]
[Result "1/2-1/2"]
[WhiteElo "1876"]
[BlackElo "1938"]
[PlyCount "29"]
[EventDate "2014.??.??"]

1. d4 Nf6 2. c4 g6 3. Nc3 Bg7 4. e4 d6 5. Be3 O-O 6. f3 c5 7. dxc5 dxc5 8. Qxd8
Rxd8 9. Bxc5 Nc6 10. Rd1 Rxd1+ 11. Kxd1 Nd7 12. Bf2 Bxc3 13. bxc3 Nde5 14. Kc2
Be6 15. Ne2 {=} 1/2-1/2

[Event "Unterfränkischen EM 2014"]
[Site "Wörth am Main"]
[Date "2014.04.25"]
[Round "9.6"]
[White "Drewes, Thomas"]
[Black "Reitz, Helmut"]
[Result "1/2-1/2"]
[WhiteElo "1912"]
[BlackElo "1831"]
[PlyCount "39"]
[EventDate "2014.??.??"]

1. d4 c5 2. d5 Nf6 3. Nc3 d6 4. e4 g6 5. Nf3 Bg7 6. Bb5+ Bd7 7. Qe2 a6 8. Bxd7+
Nfxd7 9. Bd2 b5 10. a3 Qc7 11. Nd1 Nb6 12. Bc3 Bxc3+ 13. Nxc3 N8d7 14. O-O O-O
15. Nd1 Nf6 16. Nd2 Qd7 17. h3 e6 18. dxe6 Qxe6 19. Re1 Rfe8 20. Nc3 {=}
1/2-1/2

[Event "Unterfränkischen EM 2014"]
[Site "Wörth am Main"]
[Date "2014.04.25"]
[Round "9.7"]
[White "Nagel, Erwin"]
[Black "Kirchner, Michael"]
[Result "0-1"]
[WhiteElo "1943"]
[BlackElo "1973"]
[PlyCount "52"]
[EventDate "2014.??.??"]

1. e4 d5 2. exd5 Nf6 3. Nc3 Nxd5 4. d4 g6 5. Bc4 Nb6 6. Bb3 Bg7 7. Be3 Nc6 8.
Nge2 O-O 9. Qd2 Na5 10. Qd3 Nxb3 11. axb3 e5 12. O-O-O a5 13. f3 a4 14. bxa4
Nxa4 15. Nb1 Bf5 16. Qb3 Qe7 17. g4 Be6 18. d5 Bd7 19. Nec3 e4 20. fxe4 Nxc3
21. Nxc3 Bxg4 22. Rde1 Qh4 23. Bf4 Bf3 24. Bxc7 Bxh1 25. Rxh1 Ra1+ 26. Nb1 Bh6+
0-1

[Event "Unterfränkischen EM 2014"]
[Site "Wörth am Main"]
[Date "2014.04.25"]
[Round "9.8"]
[White "Klüber, Werner"]
[Black "Thomele, Michael"]
[Result "0-1"]
[WhiteElo "1937"]
[BlackElo "1908"]
[PlyCount "66"]
[EventDate "2014.??.??"]

1. d4 d5 2. c4 e6 3. Nc3 c6 4. cxd5 exd5 5. Bf4 Nf6 6. Nf3 Be7 7. e3 O-O 8. Bd3
Nbd7 9. Qc2 h6 10. h3 a6 11. O-O c5 12. dxc5 Nxc5 13. Be2 Be6 14. Rfd1 Rc8 15.
Qd2 Qb6 16. b3 Rfd8 17. Nd4 Nfe4 18. Nxe4 Nxe4 19. Qb2 Nc3 20. Rd2 Nxe2+ 21.
Rxe2 Bf6 22. Rd2 Qc5 23. Rad1 Bf5 24. a4 Qb4 25. Qa2 Be4 26. f3 Bh7 27. Bg3 Rc3
28. Be1 Rxe3 29. Nc2 Bxc2 30. Qxc2 d4 31. Kf1 Qxb3 32. Kf2 Qxc2 33. Rxc2 Rb3
0-1

[Event "Unterfränkischen EM 2014"]
[Site "Wörth am Main"]
[Date "2014.04.25"]
[Round "9.9"]
[White "Blank, Stefan"]
[Black "Schandel, Dietmar"]
[Result "1-0"]
[WhiteElo "1865"]
[BlackElo "1853"]
[PlyCount "49"]
[EventDate "2014.??.??"]

1. e4 c5 2. Nf3 d6 3. g3 Nc6 4. Bg2 Nf6 5. d3 g6 6. O-O Bg7 7. Nbd2 O-O 8. a4
Rb8 9. Nc4 Nd7 10. Nh4 a6 11. f4 b5 12. axb5 axb5 13. Ne3 Nb6 14. f5 e6 15. Ng4
Ne5 16. f6 Nxg4 17. fxg7 Kxg7 18. Qxg4 f5 19. exf5 exf5 20. Qf4 Be6 21. Ra7+
Rf7 22. Rxf7+ Bxf7 23. b3 Qf6 24. Qh6+ Kg8 25. Nxf5 1-0

[Event "Unterfränkischen EM 2014"]
[Site "Wörth am Main"]
[Date "2014.04.25"]
[Round "9.10"]
[White "Rößner, Uwe"]
[Black "Bastian, Holger"]
[Result "1/2-1/2"]
[WhiteElo "1863"]
[BlackElo "1788"]
[PlyCount "67"]
[EventDate "2014.??.??"]

1. c4 Nf6 2. g3 g6 3. Bg2 Bg7 4. Nf3 O-O 5. O-O d6 6. Nc3 e5 7. d3 c6 8. Rb1
Nbd7 9. Qc2 d5 10. Nd2 d4 11. Nce4 Nxe4 12. Nxe4 Nf6 13. Bg5 Bf5 14. b4 Bxe4
15. Bxe4 Qc7 16. Bxf6 Bxf6 17. b5 Be7 18. bxc6 bxc6 19. Qa4 Rac8 20. Qa6 Bc5
21. Rb7 Qd6 22. Rfb1 Qe6 23. Qa5 Qd6 24. a4 f5 25. Bg2 Rfe8 26. Qd2 Re7 27. Qh6
Bb6 28. Rxe7 Qxe7 29. Qd2 Qa3 30. Qc2 Kg7 31. h3 Qc5 32. Qa2 Kf6 33. Rb3 Qa5
34. Rb1 {=} 1/2-1/2

[Event "Unterfränkischen EM 2014"]
[Site "Wörth am Main"]
[Date "2014.04.25"]
[Round "9.1"]
[White "Liebler, Jürgen"]
[Black "Schwarz, Tobias"]
[Result "1-0"]
[WhiteElo "1684"]
[BlackElo "1634"]
[PlyCount "81"]
[EventDate "2014.??.??"]

1. e4 c5 2. f4 d6 3. Nf3 g6 4. Bc4 Bg7 5. c3 Nc6 6. d3 e6 7. Be3 Nge7 8. Nbd2
a6 9. g4 Na5 10. h4 b5 11. Bb3 Nxb3 12. axb3 b4 13. Qc2 bxc3 14. bxc3 Bd7 15.
h5 a5 16. h6 Bf8 17. Nc4 Nc6 18. Bd2 Be7 19. Ne3 O-O 20. Kf2 f5 21. exf5 exf5
22. g5 Be6 23. c4 Qb6 24. Qc3 Rf7 25. Nc2 Rb8 26. Rhg1 Bd8 27. Bc1 Qa7 28. Bb2
Kf8 29. Rge1 Ke7 30. Re3 Bb6 31. Rae1 Nd8 32. Na3 Qb7 33. R1e2 Qd7 34. Qe1 Bc7
35. d4 cxd4 36. Nxd4 Bb6 37. Nab5 Kf8 38. Kg3 Kg8 39. Qc3 Rb7 40. Nxe6 Nxe6 41.
Qh8# 1-0

[Event "Unterfränkischen EM 2014"]
[Site "Wörth am Main"]
[Date "2014.04.25"]
[Round "9.2"]
[White "Saftenberger, Wolfgang"]
[Black "Kraus, Arnold"]
[Result "1/2-1/2"]
[WhiteElo "1682"]
[BlackElo "1656"]
[PlyCount "25"]
[EventDate "2014.??.??"]

1. d4 Nf6 2. Nf3 e6 3. c4 b6 4. Nc3 Bb7 5. Bg5 Be7 6. e3 d6 7. Bd3 Nbd7 8. O-O
O-O 9. Qe2 h6 10. Bh4 c5 11. Rfd1 a6 12. Rac1 Re8 13. Bb1 {=} 1/2-1/2

[Event "Unterfränkischen EM 2014"]
[Site "Wörth am Main"]
[Date "2014.04.25"]
[Round "9.3"]
[White "Englert, Fred"]
[Black "Beyersdorf, Gunter"]
[Result "1-0"]
[WhiteElo "1813"]
[BlackElo "1787"]
[PlyCount "61"]
[EventDate "2014.??.??"]

1. c4 d6 2. g3 Nf6 3. Bg2 c6 4. Nf3 e5 5. d3 Nbd7 6. O-O g6 7. Nc3 Bg7 8. Qc2
O-O 9. b3 Qc7 10. Bb2 b5 11. cxb5 cxb5 12. Rac1 b4 13. Nb5 Qb6 14. Qc6 Qxc6 15.
Rxc6 d5 16. Nxe5 Re8 17. Nxd7 Nxd7 18. Bxg7 Kxg7 19. Nc7 Bb7 20. Nxe8+ Rxe8 21.
Rc7 Bc8 22. Bxd5 Ne5 23. d4 Bh3 24. dxe5 Rxe5 25. Rd1 Rxe2 26. Rxf7+ Kh6 27.
Rxa7 g5 28. Ra6+ Kg7 29. Bg2 Bc8 30. Ra7+ Kg6 31. Rd6+ 1-0

[Event "Unterfränkischen EM 2014"]
[Site "Wörth am Main"]
[Date "2014.04.25"]
[Round "9.4"]
[White "Paeslack, Luis"]
[Black "Trapp, Kevin"]
[Result "1/2-1/2"]
[WhiteElo "1491"]
[BlackElo "1637"]
[PlyCount "86"]
[EventDate "2014.??.??"]

1. e4 c5 2. Nf3 Nc6 3. d4 cxd4 4. Nxd4 e6 5. Nc3 Bb4 6. Ndb5 d5 7. exd5 Bxc3+
8. Nxc3 exd5 9. Qxd5 Be6 10. Qxd8+ Rxd8 11. Bb5 Nge7 12. O-O a6 13. Bxc6+ Nxc6
14. Be3 Nb4 15. Rac1 Bf5 16. Bb6 Rd2 17. Rfd1 Rxd1+ 18. Rxd1 Nc6 19. Rd2 O-O
20. h3 Rc8 21. Nd5 Kf8 22. Ne3 Be6 23. a3 Ne5 24. c3 Nc4 25. Nxc4 Bxc4 26. Rd7
Ke8 27. Rd1 Rc6 28. Bd4 g6 29. Re1+ Kd7 30. b4 b5 31. g3 Re6 32. Rxe6 Kxe6 33.
f3 Bd3 34. Kf2 h5 35. Ke3 Bf1 36. h4 f5 37. Kf4 Be2 38. Ke3 Bd1 39. f4 Kd5 40.
Bf6 Bb3 41. Bd4 Bc4 42. Bf6 Bb3 43. Be5 Bc4 1/2-1/2

[Event "Unterfränkischen EM 2014"]
[Site "Wörth am Main"]
[Date "2014.04.25"]
[Round "9.5"]
[White "Heller, Thomas"]
[Black "Chen, Jiuli"]
[Result "1-0"]
[WhiteElo "1809"]
[BlackElo "1493"]
[PlyCount "67"]
[EventDate "2014.??.??"]

1. e4 e5 2. Bc4 Nf6 3. Nc3 Bc5 4. d3 d6 5. h3 Be6 6. Bxe6 fxe6 7. Qe2 Nc6 8.
Nf3 Qd7 9. Be3 Bxe3 10. Qxe3 O-O 11. O-O Nh5 12. g3 Rf6 13. Kg2 Raf8 14. Nh2
Nd4 15. Rac1 Qf7 16. Ne2 Nxe2 17. Qxe2 Rg6 18. Kh1 Nf6 19. Qf3 Qe7 20. Qe2 Nd7
21. Rce1 Rf7 22. Rg1 Qf8 23. Ref1 h5 24. Rg2 Rgf6 25. Kg1 g6 26. Qd2 Nb8 27. g4
h4 28. g5 Rf4 29. Ng4 Nd7 30. Nh6+ Kg7 31. Nxf7 Qxf7 32. Qe2 Rf3 33. Rg4 Rxh3
34. Kg2 1-0

[Event "Unterfränkischen EM 2014"]
[Site "Wörth am Main"]
[Date "2014.04.25"]
[Round "9.6"]
[White "Wilm, Johannes"]
[Black "Stolcz, Frank"]
[Result "1-0"]
[WhiteElo "1551"]
[BlackElo "1479"]
[PlyCount "137"]
[EventDate "2014.??.??"]

1. e4 g6 2. d4 Bg7 3. Nf3 d6 4. Be3 Nf6 5. Nc3 c6 6. h3 Nbd7 7. a4 Qc7 8. Bd3
a6 9. Ne2 h6 10. Qd2 d5 11. Ng3 dxe4 12. Nxe4 Nd5 13. c3 Nxe3 14. Qxe3 O-O 15.
O-O f5 16. Ned2 Nb6 17. Ne5 Kh7 18. Qg3 Qd6 19. a5 Nd7 20. Ndc4 Qf6 21. Nxd7
Bxd7 22. Nb6 Rad8 23. Qc7 Bc8 24. Nxc8 Rxc8 25. Qxb7 Ra8 26. b4 Qd6 27. Rfe1
Bf6 28. Qb6 Rfb8 29. Qc5 Qd7 30. Bc4 Ra7 31. Re6 Kg7 32. Rae1 Rc8 33. Qb6 Rcc7
34. Bxa6 Qd5 35. Bf1 c5 36. bxc5 Rab7 37. Qa6 Rb2 38. Bc4 Qd7 39. Bd3 Qa4 40.
Rb6 Ra2 41. Qb5 Qa3 42. Qb4 Qxa5 43. Qxa5 Rxa5 44. Bc4 Ra3 45. Bb3 Bg5 46. Rd1
Rca7 47. Kf1 Ra1 48. Ke2 Rxd1 49. Bxd1 Ra2+ 50. Kf3 Rd2 51. Be2 Rc2 52. Rb3 Bd2
53. c4 Rc3+ 54. Rxc3 Bxc3 55. c6 Ba5 56. Ke3 Kf6 57. Kd3 Bc7 58. Kc3 Ke6 59.
Kb4 Kd6 60. Bf3 e6 61. Kb5 g5 62. g3 Ke7 63. Kc5 Bd6+ 64. Kb6 Kd8 65. Kb7 Bc7
66. Bh5 f4 67. Bf7 fxg3 68. fxg3 Bxg3 69. Bxe6 1-0

[Event "Unterfränkischen EM 2014"]
[Site "Wörth am Main"]
[Date "2014.04.25"]
[Round "9.7"]
[White "Häusler, Luis"]
[Black "Albert, Samuel"]
[Result "1/2-1/2"]
[WhiteElo "1281"]
[BlackElo "1464"]
[PlyCount "45"]
[EventDate "2014.??.??"]

1. e4 e6 2. d4 d5 3. Nc3 Nf6 4. e5 Nfd7 5. f4 c5 6. Nf3 Qb6 7. Na4 Qc7 8. Be3
b6 9. Qd2 Ba6 10. Bxa6 Nxa6 11. Nc3 Qc6 12. a4 Nc7 13. O-O Be7 14. Ne1 c4 15.
f5 O-O-O 16. Nb5 Nxb5 17. axb5 Qc7 18. fxe6 fxe6 19. Nf3 h6 20. Qc3 Kb7 21. Ra4
Ra8 22. Rfa1 Rhc8 23. Qe1 1/2-1/2

[Event "Unterfränkischen EM 2014"]
[Site "Wörth am Main"]
[Date "2014.04.25"]
[Round "9.8"]
[White "Träger, Dominik"]
[Black "Lamping, Peter"]
[Result "1-0"]
[WhiteElo "1615"]
[BlackElo "1585"]
[PlyCount "95"]
[EventDate "2014.??.??"]

1. d4 Nf6 2. c4 e6 3. Nc3 d5 4. Bg5 Be7 5. e3 Nbd7 6. Nf3 c6 7. cxd5 exd5 8.
Bd3 O-O 9. Qc2 Re8 10. O-O h6 11. Bf4 Nf8 12. Be5 Bg4 13. Bxf6 Bxf6 14. Be2 Qd7
15. Ne1 Bxe2 16. Qxe2 Bxd4 17. Qd3 Bb6 18. h3 Rad8 19. Ne2 Ne6 20. Qf5 Qe7 21.
Ng3 Ng5 22. Qg4 Ne4 23. Nf3 Nxg3 24. Qxg3 Qf6 25. Nh2 Re7 26. b3 Rde8 27. Ng4
Qg6 28. Qf3 h5 29. Nh2 d4 30. exd4 Bxd4 31. Rad1 Bb6 32. Rd3 Re2 33. Rd7 R8e7
34. Rxe7 Rxe7 35. Qd1 Qf5 36. Nf3 Qd5 37. Qc2 Qe4 38. Qd2 Qd5 39. Qf4 Bc7 40.
Qh4 Re2 41. Ng5 Bd8 42. Qxh5 Rxa2 43. Qh7+ Kf8 44. Re1 Re2 45. Qh8+ Ke7 46.
Rxe2+ Kd7 47. Qe8+ Kc8 48. Nxf7 1-0